| 000 | 01239nam0a22002771 4500 | ||
|---|---|---|---|
| 001 | rc\3596907 | ||
| 005 | 20260407092351.0 | ||
| 021 |
_aRU _b74-61061 |
||
| 021 |
_aRU _bРг9041-74 |
||
| 035 | _a(NLR Aleph) 007705213 | ||
| 090 |
_a6790831 _c6790831 |
||
| 100 | _a20130115d1974 |||y0rusy50 ca | ||
| 101 | 0 | _arus | |
| 102 | _aRU | ||
| 105 | _aa z ||||| | ||
| 200 | 1 |
_aПрограмма определения объемов угольных складов по данным тахеометрической съемки _e(Для ЭВМ "Минск-22") _fМ-во угольной пром-сти СССР. Всесоюз. науч.-исслед. ин-т горной геомеханики и маркшейдерского дела |
|
| 210 |
_aЛенинград _cБ. и. _d1974 |
||
| 215 |
_a48 с., 1 л. схем. _cил. _d21 |
||
| 300 | _aНа обороте тит. л. сост.: инж. С.В. Захаров | ||
| 702 | 1 |
_aЗахаров _bС.В. _4220 |
|
| 712 | 0 | 2 |
_aВНИИ горной геомеханики и маркшейдерского дела _cЛенинград _9311823 _3RU\NLR\AUTH\8819223 |
| 801 | 0 |
_aRU _bNLR _gpsbo |
|
| 801 | 1 |
_aRU _bELAR _2rusmarc |
|
| 852 |
_aNLR _j74-4/13043 |
||
| 942 | _cBOOK | ||
| 980 | _aNB | ||